Sports Quiz

Random Sports or Basketball Quiz

NBA Active #1 Draft Picks Quiz Stats

 Plays Quiz not verified by Sporcle

Score 0/13 Timer 01:00
0 Plays Today
Team Player % Correct
Cavaliers, HeatLebron James
99.5%
BullsDerrick Rose
97.6%
SpursTim Duncan
97.1%
MagicDwight Howard
97.1%
WizardsJohn Wall
95.6%
ClippersBlake Griffin
94.6%
BucksAndrew Bogut
93.7%
TrailblazersGreg Oden
92.7%
CavaliersKyrie Irving
90.2%
RaptorsAndrea Bargnani
87.8%
Bulls, Clippers, 76ersElton Brand
87.3%
Wizards, Lakers, Grizzlies, Pistons, Bobcats, WarriorsKwame Brown
82.9%
Nets, Nuggets, ClippersKenyon Martin
65.4%

You're not logged in!

Compare scores with friends on all Sporcle quizzes.
OR
Log In

Show Comments

Extras

Top Quizzes Today


Score Distribution

Your Account Isn't Verified!

In order to create a playlist on Sporcle, you need to verify the email address you used during registration. Go to your Sporcle Settings to finish the process.

Report this User

Report this user for behavior that violates our Community Guidelines.

Details: